00393 2200169 4500245003500000020002200035250001100057100001100068700001500079650001900094005001900113260003200132041001400164084001000178300002600188336000900214 aLestarikan HutancShantihText a978-602-95738-5-5 aCet. 1 aShanti aTim Cahaya aIlmu Kehutanan a20230307083043 aBandungbPringgandanic2013 aIndonesia a634.9 aiv, 96 hlm. :c21 cm. atext